Una política de Estado para la agricultura chilena período 2000-2010

Збережено в:
Бібліографічні деталі
Співавтор: Ministerio de Agricultura (Автор)
Формат: Книга
Мова:Іспанська
Опубліковано: Santiago Ministerio de Agricultura 2001
Предмети:
Теги: Додати тег
Немає тегів, Будьте першим, хто поставить тег для цього запису!

MARC

LEADER 00000nam a2200000 a 4500
001 UCM7875
003 CL-VaPUC
008 030110e20010000CL |||||||||||||||||spa|d
082 0 4 |a 338.18  |b MIN  |2 21 
110 2 |a Ministerio de Agricultura  |e author  |9 473614 
245 1 4 |a Una política de Estado para la agricultura chilena período 2000-2010 
300 |a 140 p 
942 |c BK 
945 |d 20030110 00:00:00  |a lriquelm 
260 |a Santiago  |b Ministerio de Agricultura  |c 2001 
650 7 |a POLITICA AGRARIA  |2 CL-VaPUC  |9 264314 
650 7 |a POLITICA DE ESTADO  |2 CL-VaPUC  |9 395382 
650 7 |a DESARROLLO AGRICOLA  |2 CL-VaPUC  |9 259759 
650 7 |a DESARROLLO RURAL  |2 CL-VaPUC  |9 473615 
650 7 |a PROGRAMAS DE DESARROLLO  |2 CL-VaPUC  |9 335854 
650 0 |a Desarrollo económico  |9 259599 
650 7 |a SILVOAGROPECUARIO  |2 CL-VaPUC  |9 473616 
651 7 |a CHILE  |2 CL-VaPUC  |9 473617 
583 |a last modification  |c 20030110 00:00:00  |k Rodrigo Vera 
999 |c 302529  |d 302527 
952 |0 0  |1 0  |4 0  |6 338_180000000000000_MIN_2001  |7 0  |8 A  |9 363170  |a BIBAGR  |b BIBAGR  |d 2019-11-21  |i 3866491  |o 338.18 MIN 2001  |p 3866491  |r 2025-01-20  |w 2019-11-21  |y BK  |k AGR